España en la nueva estructura militar de la OTAN / (Record no. 126736)

MARC details
000 -LEADER
campo de control de longitud fija 01051nam a22002297a 4500
003 - IDENTIFICADOR DE NÚMERO DE CONTROL
campo de control BJBSDDR
005 - FECHA Y HORA DE LA ÚLTIMA TRANSACCIÓN
campo de control 20260401175334.0
006 - CÓDIGOS DE INFORMACIÓN DE LONGITUD FIJA--CARACTERÍSTICAS DEL MATERIAL ADICIONAL
campo de control de longitud fija a|||||r|||| 00| 0
007 - CAMPO FIJO DE DESCRIPCIÓN FÍSICA--INFORMACIÓN GENERAL
campo de control de longitud fija ta
008 - DATOS DE LONGITUD FIJA--INFORMACIÓN GENERAL
campo de control de longitud fija 260401s1999 sp |||||r|||| 00| 0 spa d
020 ## - NÚMERO INTERNACIONAL ESTÁNDAR DEL LIBRO
Número Internacional Estándar del Libro 8493000515
040 ## - FUENTE DE CATALOGACIÓN
Centro/agencia transcriptor BJBSDDR
Lengua de catalogación spa
041 ## - CÓDIGO DE IDIOMA
Código de lengua del texto/banda sonora o título independiente spa
050 ## - SIGNATURA TOPOGRÁFICA DE LA BIBLIOTECA DEL CONGRESO
Número de ítem E77 1999
245 00 - MENCIÓN DEL TÍTULO
Título España en la nueva estructura militar de la OTAN /
Mención de responsabilidad, etc. Antonio Marquina Barrio.
260 ## - PUBLICACIÓN, DISTRIBUCIÓN, ETC.
Lugar de publicación, distribución, etc. Madrid :
Nombre del editor, distribuidor, etc. UNISCI Asociación Atlántica Española,
Fecha de publicación, distribución, etc. 1999.
300 ## - DESCRIPCIÓN FÍSICA
Extensión XI,170 páginas ;
Dimensiones 21 cm
520 ## - RESUMEN, ETC.
Sumario, etc. España se integra plenamente en la OTAN en los años 90 tras su transformación post-Guerra Fría. La nueva estructura militar es más flexible, multinacional y orientada a gestión de crisis. España pasa de una participación limitada a un papel activo, ganando influencia internacional y modernizando sus fuerzas armadas. Sin embargo, esto implica adaptación interna y cierta pérdida de autonomía en defensa.
700 1# - ENTRADA AGREGADA--NOMBRE PERSONAL
Nombre de persona Marquina Barrio, Antonio
9 (RLIN) 23724
Término indicativo de función/relación editor
942 ## - ELEMENTOS DE ENTRADA SECUNDARIOS (KOHA)
Fuente del sistema de clasificación o colocación Clasificación de Library of Congress
Suprimir en OPAC No
Tipo de ítem Koha Libro
946 ## - PROCESAMIENTO DE INFORMACIÓN LOCAL (OCLC)
Iniciales del agente catalogador llh
Holdings
Estatus retirado Estado de pérdida Fuente del sistema de clasificación o colocación Estado de daño No para préstamo Colección Biblioteca de origen Biblioteca actual Ubicación en estantería Fecha de adquisición Signatura topográfica completa Código de barras Visto por última vez Copia número Tipo de ítem Koha
    Clasificación de Library of Congress     Automatización y Procesos Técnicos Biblioteca Juan Bosch Biblioteca Juan Bosch Automatización y Procesos Técnicos (1er. Piso) 01/04/2026 E77 1999 00000198502 01/04/2026 1 Libro